000 00787cab a2200229 4500
001 WB2801-29
008 090401t1991 xxu||||| |||| 00| 0 eng d
035 _a(Sirsi) u51017
041 _aeng
245 _aValue of alterations
260 _c1991
350 _a0
490 _aFinancial Times
_v(Weekend) 28/29 December 1991, IV(1)
520 _aResults of a survey on home improvements from the Halifax Building Society indicate that homeowners are spending money on refurbishing their properties . Indicates which forms of refurbishment are likely to add value.
650 _aADDED VALUE
650 _aD-I-Y
650 _aHOME IMPROVEMENTS
650 _aBUILT ENVIRONMENT-BUILDING MAINTENANCE AND REFURBISHMENT
690 _aHOUSING
942 _n0
948 _c04/03/1997
999 _c31832
_d31832